Music Quiz

Random Music or Missing Word Quiz
Score 0/16 Timer 05:00
13 Plays Today
Question Answer Wrong Answers
Elton John
And I think it's gonna be a long, long time
Till touchdown brings me round again to find
I'm not the man they think I am at home, oh no, no, no.
I'm a ________
rocket man
97.2%
blue collar man
0.9%
cosmonaut
0.4%
wanderer
1.3%
The Monkees
Then I saw her face, now I'm a ________
Not a trace of doubt in my mind
believer
93.3%
minister
0.3%
lover
0.7%
cheater
0.6%
Queen
I'm just a ________, I need no sympathy
Because I'm easy come, easy go, little high, little low
poor boy
92.9%
devil
0.4%
rolling stone
1.3%
young man
2.6%
P!nk
So, so what? I'm still a ________
I got my rock moves, and I don't need you
rock star
92.5%
red bull
0.3%
rapper
0.6%
millionaire
3.6%
Simon & Garfunkel
Hiding in my room, safe within my womb
I touch no one and no one touches me
I am a rock, I am an ________
island
86.7%
introvert
6.6%
invalid
2%
igneous formation
2.2%
Beck
Soy un perdedor
I'm a ________ baby, so why don't you kill me?
loser
84.1%
linguist
2.3%
weirdo
7.6%
lawyer
1.7%
The Beatles
I am the egg man, they are the egg men
I am the ________, goo goo g’joob
walrus
82.6%
chicken
4.7%
milk man
5.4%
baby
1.8%
Nelly Furtado
I'm like a ________, I'll only fly away
I don't know where my soul is, I don't know where my home is
bird
78.5%
jetplane
2.5%
butterfly
16.3%
prayer
0.8%
Radiohead
But I'm a ________, I'm a weirdo
What the hell am I doing here? I don't belong here
creep
73.3%
freak
21.1%
geek
4.3%
Greek
0.4%
Chaka Khan
I'm ________, it's all in me
Anything you want done baby, I do it naturally
every woman
70.6%
your bodyguard
3.2%
a survivor
12.2%
a genie in a bottle
8.8%
Black Sabbath
I AM ________
Has he lost his mind? Can he see or is he blind?
Can he walk at all, or if he moves will he fall?
IRON MAN
65.7%
HE-MAN
1.2%
THE SANDMAN
13.3%
THE REAPER
17.1%
The Smashing Pumpkins
Despite all my rage I am still just a ________ in a cage
Then someone will say what is lost can never be saved
rat
64%
dog
15.9%
snake
5.8%
panther
9.7%
Metallica
I'm your truth, telling lies, I'm your reason, alibis
I'm inside, open your eyes: I'm ________
Sad but true
you
51.7%
nothing
20.4%
evil
15.6%
screwed
8.6%
Steve Miller Band
'Cause I'm a ________, I'm a grinner, I'm a lover, and I'm a sinner
I play my music in the sun
picker
46.1%
licker
1.4%
kicker
3.1%
winner
44.8%
Katy Perry
I got the eye of the tiger, a fighter, dancing through the fire
'Cause I am a ________, and you're gonna hear me roar
champion
42.3%
lion
47.4%
boxer
0.4%
woman
6.5%
Eminem
Another day of monotony has gotten me to the point I'm like a ________
I've got to formulate a plot, or I end up in jail or shot
snail
25.6%
thug
23.4%
virgin
4.4%
gangsta
40.9%
Remove Ads.
Support Sporcle.
Get the best of Sporcle when you Go Orange. This ad-free experience offers more features, more stats, and more fun while also helping to support Sporcle. Thank you for becoming a member.

You're not logged in!

Compare scores with friends on all Sporcle quizzes.
OR
Log In

Show Comments

Extras

Top Quizzes Today


Score Distribution

Your Account Isn't Verified!

In order to create a playlist on Sporcle, you need to verify the email address you used during registration. Go to your Sporcle Settings to finish the process.

Report this User

Report this user for behavior that violates our Community Guidelines.

Details: